Statistics for Famous Nordic People by Picture

Click here to take the quiz!

General Stats

  • This quiz has been taken 90 times
  • The average score is 8 of 16

Answer Stats

Answer% Correct
Abba
95%
Björn Borg
78%
Björk
73%
Zlatan Ibrahimović
72%
Ingrid Bergman
68%
Viggo Mortensen
62%
Alfred Nobel
52%
Greta Garbo
49%
Alicia Vikander
48%
Dolph Lundgren
48%
Mads Mikkelsen
46%
Hans Christian Andersen
41%
Jean Sibelius
22%
Søren Kierkegaard
20%
Sonja Henie
8%
Vigdís Finnbogadóttir
5%

Score Distribution

Percentile by Number Answered

Percent of People with Each Score

Your Score History

You have not taken this quiz